LEADER 03887nam 2200721 a 450 001 9910827881903321 005 20251116154150.0 010 $a9786613693891 010 $a9781280783500 010 $a1280783508 010 $a9780470720172 010 $a0470720174 010 $a9780470717851 010 $a0470717858 035 $a(CKB)1000000000688083 035 $a(EBL)703859 035 $a(SSID)ssj0000715131 035 $a(PQKBManifestationID)11477159 035 $a(PQKBTitleCode)TC0000715131 035 $a(PQKBWorkID)10700744 035 $a(PQKB)10741661 035 $a(Au-PeEL)EBL703859 035 $a(CaPaEBR)ebr10575520 035 $a(CaONFJC)MIL369389 035 $a(FINmELB)ELB179112 035 $a(MiAaPQ)EBC703859 035 $a(OCoLC)264615399 035 $a(Perlego)2752696 035 $a(iGPub)WILEYB0001155 035 $a(EXLCZ)991000000000688083 100 $a20760426d1975 uy 0 101 0 $aeng 135 $aur|n|---||||| 181 $ctxt$2rdacontent 182 $cc$2rdamedia 183 $acr$2rdacarrier 200 10$aBiochemistry and pharmacology of platelets 205 $a1st ed. 210 $aAmsterdam ;$aNew York $cElsevier$d1975 210 1$aAmsterdam ;$aNew York :$cElsevier,$d1975. 215 $a1 online resource (362 pages) $cillustrations, charts 225 1 $aCiba Foundation Symposium (new series) ;$v35 300 $a"Symposium on Biochemistry and Pharmacology of Platelets, held at the Ciba Foundation, London, 21st-23rd January, 1975"--Participants page. 311 08$a9780470663271 311 08$a0470663278 311 08$a9789021940397 311 08$a9021940396 320 $aIncludes bibliographical references and indexes. 327 $aBiochemistry and Pharmacology of Platelets; Contents; Introduction: some current problems; Common pathways of membrane reactivity after stimulation of platelets by different agents; Discussion; Binding of adenosine diphosphate by human platelet membrane; Discussion; Enzyme activities on the platelet surface in relation to the action of adenosine diphosphate; Discussion; Stimulus-response coupling in the thrombin-platelet interaction; Discussion; The interaction of platelet actin, myosin and myosin light chain kinase; Discussion; Roles of cyclic nucleotides in platelet function; Discussion 327 $aInitial biochemical responses of platelets to stimulation Discussion; Biochemistry of the platelet release reaction; Discussion; Prostaglandins and precursors in platelet function; Discussion; Significance of glucose and glycogen meta-bolism for platelet function; Discussion; Elemental composition of platelet dense bodies; Discussion; The organelles storing 5-hydroxytryptamine in blood platelets; Discussion; 5-Hydroxytryptamine receptors of platelets; Discussion; Interactions between 5-hydroxytryptamine and platelet lipid fractions; Discussion; General Discussion 327 $aNomenclature of the release reaction Activation of platelets; Oxidative phosphorylation; Primary aggregation by 5HT, vasopressin and thrombin; Index of contributors; Subject index 330 8 $aThe Novartis Foundation Series is a popular collection of the proceedings from Novartis Foundation Symposia, in which groups of leading scientists from a range of topics across biology, chemistry and medicine assembled to present papers and discuss results. The Novartis Foundation, originally known as the Ciba Foundation, is well known to scientists and clinicians around the world. 410 0$aCiba Foundation symposium ;$vnew ser. 35. 606 $aBlood platelets$vCongresses 615 0$aBlood platelets 676 $a612.39 801 0$bMiAaPQ 801 1$bMiAaPQ 801 2$bMiAaPQ 906 $aBOOK 912 $a9910827881903321 996 $aBiochemistry and pharmacology of platelets$92019574 997 $aUNINA